000 00698nam a2200205 a 4500
005 20140412111324.0
008 000829s19uu xx 00 eng d
020 _a0-86272-910-6
050 _aREF 030
_bW872 1999
100 _aAvison, Brigid
245 _aI wonder why my tummy rumbles :
_band other questions about my body /
_cBrigid Avison.
260 _aDanbury, Connecticut :
_bGrolier Inc,
_c1999.
300 _a32 p.
440 _aI wonder why
500 _aIncludes index
520 _aWith information and quirky facts to explain everything from 'Where do I come from?' to 'What is sleep-walking?'.
650 _aEncyclopedias
650 _aQuestions and answers
999 _c104544
_d104544